<?xml version="1.0" encoding="UTF-8"?>
<collection xmlns="http://www.loc.gov/MARC21/slim">
<record>
  <controlfield tag="001">135459</controlfield>
  <controlfield tag="005">20240709133628.0</controlfield>
  <datafield tag="022" ind1=" " ind2=" ">
    <subfield code="a">1132-578X</subfield>
  </datafield>
  <datafield tag="041" ind1=" " ind2=" ">
    <subfield code="a">spa</subfield>
  </datafield>
  <datafield tag="245" ind1=" " ind2=" ">
    <subfield code="a">Boletín del  Colegio Oficial de Médicos de  Zaragoza. Boletín de Hojas Médicas, Año 1, I (1914)</subfield>
  </datafield>
  <datafield tag="260" ind1=" " ind2=" ">
    <subfield code="a">Zaragoza</subfield>
    <subfield code="b">Tip. La Académica, Cinegia, 3</subfield>
    <subfield code="c">1914</subfield>
  </datafield>
  <datafield tag="490" ind1=" " ind2=" ">
    <subfield code="a">Boletín del Colegio Oficial de Médicos de Zaragoza</subfield>
  </datafield>
  <datafield tag="538" ind1=" " ind2=" ">
    <subfield code="a">Texto completo. Available electronically via Internet </subfield>
  </datafield>
  <datafield tag="653" ind1="1" ind2=" ">
    <subfield code="a">Medicina</subfield>
  </datafield>
  <datafield tag="653" ind1="1" ind2=" ">
    <subfield code="a">Aragón</subfield>
  </datafield>
  <datafield tag="653" ind1="1" ind2=" ">
    <subfield code="a">"Hojas médicas"</subfield>
  </datafield>
  <datafield tag="653" ind1="1" ind2=" ">
    <subfield code="a">"Colegio Oficial de Médicos de  Zaragoza"</subfield>
  </datafield>
  <datafield tag="710" ind1=" " ind2=" ">
    <subfield code="2">Colegio Oficial de Médicos de Zaragoza</subfield>
  </datafield>
  <datafield tag="856" ind1="4" ind2=" ">
    <subfield code="s">19985148</subfield>
    <subfield code="u">http://zaguan.unizar.es/record/135459/files/texto_completo.pdf</subfield>
    <subfield code="y">Texto completo</subfield>
  </datafield>
  <datafield tag="856" ind1="4" ind2=" ">
    <subfield code="s">275685</subfield>
    <subfield code="u">http://zaguan.unizar.es/record/135459/files/texto_completo.jpg?subformat=icon</subfield>
    <subfield code="x">icon</subfield>
    <subfield code="y">Texto completo</subfield>
  </datafield>
  <datafield tag="909" ind1="C" ind2="O">
    <subfield code="o">oai:zaguan.unizar.es:135459</subfield>
    <subfield code="p">driver</subfield>
    <subfield code="p">revistas</subfield>
  </datafield>
  <datafield tag="980" ind1=" " ind2=" ">
    <subfield code="a">REVISTA</subfield>
    <subfield code="b">MED_ARA</subfield>
    <subfield code="c">BOL_COL_OF_MED_ZAR</subfield>
  </datafield>
  <datafield tag="984" ind1=" " ind2=" ">
    <subfield code="a">public</subfield>
  </datafield>
</record>
</collection>